000 00314nam a2200133Ia 4500
008 191201s2004 xx 000 0 und d
082 _a006.6
_bROC
100 _aROY, Gautam
245 0 _aComputer Graphics
260 _aN.Delhi
_bKhanna Publisher
_c2004
300 _a436
650 _aB.Tech(IT)
942 _2ddc
_cBK
999 _c3149
_d3149